Normal view MARC view
  • ELECTRIC AND MAGNETIC INTERACTIONS

Entry Topical Term

Number of records used in: 1

001 - CONTROL NUMBER

  • control field: 62730

003 - CONTROL NUMBER IDENTIFIER

  • control field: NUST

005 - DATE AND TIME OF LATEST TRANSACTION

  • control field: 20210628203003.0

008 - FIXED-LENGTH DATA ELEMENTS

  • fixed length control field: 210628|| aca||aabn | a|a d

040 ## - CATALOGING SOURCE

  • Original cataloging agency: NUST
  • Transcribing agency: NUST

150 ## - HEADING--TOPICAL TERM

  • Topical term or geographic name entry element: ELECTRIC AND MAGNETIC INTERACTIONS

670 ## - SOURCE DATA FOUND

  • Source citation: Work cat.: (NUST): Chabay, Ruth W Sherwood, Bruce A 62729, Matter and interactions,vol- ii, electric and magnetic interactions, 2002
© 2023 Central Library, National University of Sciences and Technology. All Rights Reserved.